Disposal of public land for new homes (Record no. 115484)
[ view plain ]
| 000 -LEADER | |
|---|---|
| fixed length control field | 01179cam a22001935a 4500 |
| 001 - CONTROL NUMBER | |
| control field | L158732 |
| 008 - FIXED-LENGTH DATA ELEMENTS--GENERAL INFORMATION | |
| fixed length control field | 150702s2015 xxk f 000 0 eng d |
| 035 ## - SYSTEM CONTROL NUMBER | |
| System control number | (Sirsi) u158732 |
| 041 0# - LANGUAGE CODE | |
| Language code of text/sound track or separate title | eng |
| 110 2# - MAIN ENTRY--CORPORATE NAME | |
| Corporate name or jurisdiction name as entry element | National Audit Office |
| 9 (RLIN) | 4918 |
| 245 00 - TITLE STATEMENT | |
| Title | Disposal of public land for new homes |
| 260 ## - PUBLICATION, DISTRIBUTION, ETC. | |
| Place of publication, distribution, etc. | London |
| Name of publisher, distributor, etc. | National Audit Office |
| Date of publication, distribution, etc. | 2015 |
| 520 ## - SUMMARY, ETC. | |
| Summary, etc. | NAO assessment of government efforts to release enough public land for 100 000 new homes by the end of 2014. Criticises the government for not providing supporting documentation for the target of 100 000 homes or how this was allocated to certain government departments. The disposal of the land for houses was slower than expected and government had to take action to increase land sales. However the government did dispose of enough land by March 2015 to build 109 590 homes but the DCLG provided a wide interpretation of the land that could be counted towards the target. |
| 590 ## - LOCAL NOTE (RLIN) | |
| Local note | KA |
| 651 #4 - SUBJECT ADDED ENTRY--GEOGRAPHIC NAME | |
| Geographic name | England |
| Chronological subdivision | 886- |
| 690 ## - LOCAL SUBJECT ADDED ENTRY--TOPICAL TERM (OCLC, RLIN) | |
| Topical term or geographic name as entry element | Land use |
| 9 (RLIN) | 6251 |
| 856 40 - ELECTRONIC LOCATION AND ACCESS | |
| Uniform Resource Identifier | <a href="https://www.nao.org.uk/wp-content/uploads/2015/06/Disposal-of-public-land-for-new-homes.pdf">https://www.nao.org.uk/wp-content/uploads/2015/06/Disposal-of-public-land-for-new-homes.pdf</a> |
| Public note | View the report free of charge at www.nao.org.uk |
| 942 ## - ADDED ENTRY ELEMENTS (KOHA) | |
| Suppress in OPAC | 0 |
| Withdrawn status | Lost status | Source of classification or shelving scheme | Damaged status | Not for loan | Home library | Current library | Shelving location | Date acquired | Total Checkouts | Full call number | Barcode | Date last seen | Copy number | Price effective from | Koha item type |
|---|---|---|---|---|---|---|---|---|---|---|---|---|---|---|---|
| Dewey Decimal Classification | Virtual | Virtual | Online | 02/07/2015 | ONLINE PUBLICATION | 158732-2001 | 06/08/2019 | 1 | 06/08/2019 | Book |